08224 2204069 4500001002100000005001500021035002000036008004100056245004000097100002100137250000600158260003200164300001200196020002200208084001400230082000800244650001400252990001200266990001200278990001200290990001200302990001200314990001200326990001200338990001200350990001200362990001200374990001200386990001200398990001200410990001200422990001200434990001200446990001200458990001200470990001200482990001200494990001200506990001200518990001200530990001200542990001200554990001200566990001200578990001200590990001200602990001200614990001200626990001200638990001200650990001200662990001200674990001200686990001200698990001200710990001200722990001200734990001200746990001200758990001200770990001200782990001200794990001200806990001200818990001200830990001200842990001200854990001200866990001200878990001200890990001200902990001200914990001200926990001200938990001200950990001200962990001200974990001200986990001200998990001201010990001201022990001201034990001201046990001201058990001201070990001201082990001201094990001201106990001201118990001201130990001201142990001201154990001201166990001201178990001201190990001201202990001201214990001201226990001201238990001201250990001201262990001201274990001201286990001201298990001201310990001201322990001201334990001201346990001201358990001201370990001201382990001201394990001201406990001201418990001201430990001201442990001201454990001201466990001201478990001201490990001201502990001201514990001201526990001201538990001201550990001201562990001201574990001201586990001201598990001201610990001201622990001201634990001201646990001201658990001201670990001201682990001201694990001201706990001201718990001201730990001201742990001201754990001201766990001201778990001201790990001201802990001201814990001201826990001201838990001201850990001201862990001201874990001201886990001201898990001201910990001201922990001201934990001201946990001201958990001201970990001201982990001201994990001202006990001202018990001202030990001202042990001202054990001202066990001202078990001202090990001202102990001202114990001202126990001202138990001202150990001202162990001202174990001202186990001202198990001202210990001202222990001202234990001202246990001202258990001202270990001202282990001202294990001202306990001202318990001202330990001202342990001202354990001202366990001202378990001202390990001202402990001202414990001202426990001202438990001202450990001202462990001202474990001202486990001202498990001202510990001202522990001202534990001202546990001202558990001202570990001202582990001202594990001202606990001202618990001202630990001202642990001202654990001202666990001202678990001202690990001202702990001202714990001202726990001202738990001202750990001202762990001202774990001202786990001202798990001202810990001202822990001202834990001202846990001202858990001202870990001202882990001202894990001202906990001202918990001202930990001202942990001202954990001202966990001202978990001202990990001203002990001203014990001203026990001203038990001203050990001203062990001203074990001203086990001203098990001203110990001203122990001203134990001203146990001203158990001203170990001203182990001203194990001203206990001203218990001203230990001203242990001203254990001203266990001203278990001203290990001203302990001203314990001203326990001203338990001203350990001203362990001203374990001203386990001203398990001203410990001203422990001203434990001203446990001203458990001203470990001203482990001203494990001203506990001203518990001203530990001203542990001203554990001203566990001203578990001203590990001203602990001203614990001203626990001203638990001203650990001203662990001203674990001203686990001203698990001203710990001203722990001203734990001203746990001203758990001203770990001203782990001203794990001203806990001203818990001203830990001203842990001203854990001203866990001203878990001203890990001203902990001203914990001203926990001203938990001203950990001203962990001203974990001203986990001203998990001204010990001204022990001204034990001204046990001204058990001204070990001204082990001204094990001204106990001204118990001204130990001204142INLIS00000000000137320240626094751 a0010-0624000005240626 0 ind 1 aSejarah Kelas XI /cMartina Safitry aSafitry, Martina a1 aJakarta :bKEMDIKBUD,c2021 a200 hlm a978-602-244-858-7 a900 MAR s a900 4aNon Fiksi a0748921 a0748922 a0748923 a0748924 a0748925 a0748926 a0748927 a0748928 a0748929 a0748930 a0748931 a0748932 a0748933 a0748934 a0748935 a0748936 a0748937 a0748938 a0748939 a0748940 a0748941 a0748942 a0748943 a0748944 a0748945 a0748946 a0748947 a0748948 a0748949 a0748950 a0748951 a0748952 a0748953 a0748954 a0748955 a0748956 a0748957 a0748958 a0748959 a0748960 a0748961 a0748962 a0748963 a0748964 a0748965 a0748966 a0748967 a0748968 a0748969 a0748970 a0748971 a0748972 a0748973 a0748974 a0748975 a0748976 a0748977 a0748978 a0748979 a0748980 a0748981 a0748982 a0748983 a0748984 a0748985 a0748986 a0748987 a0748988 a0748989 a0748990 a0748991 a0748992 a0748993 a0748994 a0748995 a0748996 a0748997 a0748998 a0748999 a0749000 a0749001 a0749002 a0749003 a0749004 a0749005 a0749006 a0749007 a0749008 a0749009 a0749010 a0749011 a0749012 a0749013 a0749014 a0749015 a0749016 a0749017 a0749018 a0749019 a0749020 a0749021 a0749022 a0749023 a0749024 a0749025 a0749026 a0749027 a0749028 a0749029 a0749030 a0749031 a0749032 a0749033 a0749034 a0749035 a0749036 a0749037 a0749038 a0749039 a0749040 a0749041 a0749042 a0749043 a0749044 a0749045 a0749046 a0749047 a0749048 a0749049 a0749050 a0749051 a0749052 a0749053 a0749054 a0749055 a0749056 a0749057 a0749058 a0749059 a0749060 a0749061 a0749062 a0749063 a0749064 a0749065 a0749066 a0749067 a0749068 a0749069 a0749070 a0749071 a0749072 a0749073 a0749074 a0749075 a0749076 a0749077 a0749078 a0749079 a0749080 a0749081 a0749082 a0749083 a0749084 a0749085 a0749086 a0749087 a0749088 a0749089 a0749090 a0749091 a0749092 a0749093 a0749094 a0749095 a0749096 a0749097 a0749098 a0749099 a0749100 a0749101 a0749102 a0749103 a0749104 a0749105 a0749106 a0749107 a0749108 a0749109 a0749110 a0749111 a0749112 a0749113 a0749114 a0749115 a0749116 a0749117 a0749118 a0749119 a0749120 a0749121 a0749122 a0749123 a0749124 a0749125 a0749126 a0749127 a0749128 a0749129 a0749130 a0749131 a0749132 a0749133 a0749134 a0749135 a0749136 a0749137 a0749138 a0749139 a0749140 a0749141 a0749142 a0749143 a0749144 a0749145 a0749146 a0749147 a0749148 a0749149 a0749150 a0749151 a0749152 a0749153 a0749154 a0749155 a0749156 a0749157 a0749158 a0749159 a0749160 a0749161 a0749162 a0749163 a0749164 a0749165 a0749166 a0749167 a0749168 a0749169 a0749170 a0749171 a0749172 a0749173 a0749174 a0749175 a0749176 a0749177 a0749178 a0749179 a0749180 a0749181 a0749182 a0749183 a0749184 a0749185 a0749186 a0749187 a0749188 a0749189 a0749190 a0749191 a0749192 a0749193 a0749194 a0749195 a0749196 a0749197 a0749198 a0749199 a0749200 a0749201 a0749202 a0749203 a0749204 a0749205 a0749206 a0749207 a0749208 a0749209 a0749210 a0749211 a0749212 a0749213 a0749214 a0749215 a0749216 a0749217 a0749218 a0749219 a0749220 a0749221 a0749222 a0749223 a0749224 a0749225 a0749226 a0749227 a0749228 a0749229 a0749230 a0749231 a0749232 a0749233 a0749234 a0749235 a0749236 a0749237 a0749238 a0749239 a0749240 a0749241 a0749242 a0749243 a0749244